000 01630cam a2200373 i 4500
001 768714001
003 CO-MdFUSB
005 20240531062751.0
007 ta
008 900327t1968 miu b 000 0 eng
020 _q[No incluye ISBN]
040 _aDLC
_cCO-MdFUSB
_dFPD
_bspa
_erda
041 _aeng
082 _223
_a266
_bST894
100 1 _aStrachan, R. Kenneth
_d1910-1965.
_eautor
245 1 4 _aThe inescapable calling :
_bthe missionary task of the church of Christ in the light of contemporary challenge and opportunity
_c/ R. Kenneth Strachan.
264 1 _aGrand Rapids :
_bWm. B. Eerdmans Publishing Company,
_c[1968]
264 4 _c© 1968
300 _a127 páginas ;
_c20 cm.
336 _2rdacontent
_atexto
_btdi
337 _2rdamedia
_asin mediación
_bn
338 _2rdacarrier
_avolumen
_bnc
490 1 _aA Christian world mission book.
504 _aBibliography: p. 121-122.
505 _aEl llamado ineludible -- Ataques a la fe cristiana -- Respuestas cristianas al desafío -- Bases bíblicas de la misión -- Definición de la misión cristiana -- Cristo como modelo de misión -- La comunidad apostólica como modelo -- Cumpliendo la misión hoy -- El mártir-testigo cristiano -- El mártir-testigo en la vida cotidiana -- La comunidad que testifica -- El testimonio mundial -- Evangelismo en profundidad -- "Por esta causa, yo...".
563 _aRústico
600 1 0 _aStrachan, R. Kenneth
_d1910-1965.
650 7 _aCristianismo
_2
_922
653 _aDar testimonio
830 0 _aChristian world mission book.
942 _cBK
945 _aJTF-925
999 _c67291
_d67291